Loading...
| Current Events | 1 | 20.00 | 100% | 100% | 0% |
| Fine Arts - Auditory Fine Arts | 5 | 10.00 | 80% | 20% | 0% |
| Fine Arts - Other Fine Arts | 5 | 10.00 | 80% | 20% | 0% |
| Fine Arts - Visual Fine Arts | 3 | 16.67 | 100% | 67% | 0% |
| Geography | 3 | 16.67 | 100% | 33% | 33% |
| History - American History | 5 | 14.00 | 80% | 20% | 40% |
| History - European History | 6 | 13.33 | 100% | 33% | 0% |
| History - Other History | 5 | 14.00 | 100% | 20% | 20% |
| History - World History | 6 | 15.00 | 100% | 50% | 0% |
| Literature - American Literature | 6 | 11.67 | 67% | 50% | 0% |
| Literature - British Literature | 4 | 15.00 | 100% | 25% | 25% |
| Literature - European Literature | 5 | 14.00 | 100% | 40% | 0% |
| Literature - World Literature | 4 | 17.50 | 100% | 50% | 25% |
| Mythology | 2 | 15.00 | 100% | 50% | 0% |
| Other Academic | 1 | 20.00 | 100% | 100% | 0% |
| Philosophy | 2 | 10.00 | 100% | 0% | 0% |
| Religion | 5 | 18.00 | 80% | 100% | 0% |
| Science - Biology | 4 | 12.50 | 100% | 25% | 0% |
| Science - Chemistry | 4 | 12.50 | 100% | 25% | 0% |
| Science - Other Science | 4 | 20.00 | 100% | 50% | 50% |
| Science - Physics | 6 | 21.67 | 100% | 83% | 33% |
| Social Science | 4 | 15.00 | 100% | 25% | 25% |